[Event "O2C Doeberl Cup Premier 2013"]
[Site "Canberra AUS"]
[Date "2013.03.30"]
[Round "5.15"]
[White "Morris,J"]
[Black "Wright,N"]
[Result "1-0"]
[WhiteElo "2388"]
[BlackElo "2182"]

1.e4 d6 2.d4 Nf6 3.Nc3 e5 4.Nf3 Nbd7 5.Bc4 Be7 6.a3 c6 7.Ba2 h6 8.O-O Qc7
9.Qe2 O-O 10.Rd1 a6 11.Nh4 exd4 12.Rxd4 Ne5 13.h3 Re8 14.Be3 Nfg4 15.hxg4 Bxh4
16.f3 Ng6 17.Qd2 Bg3 18.Rd1 Qe7 19.g5 Be6 20.Bxe6 fxe6 21.gxh6 Qh4 22.Ne2 Qh2+
23.Kf1 Be5 24.Rd3 Rf8 25.hxg7 Kxg7 26.Ng1 Rf7 27.Bd4 Raf8 28.Qf2 c5 29.Bxe5+ Nxe5
30.Rxd6 Ng4 31.Qe1 Qf4 32.Nh3 Qh2 33.Ng1 Qf4 34.R1d2 Ne3+ 35.Ke2 Nc4 36.R6d3 Qg5
37.Kf2 Nxd2 38.Rxd2 Qh4+ 39.g3 Qh2+ 40.Ke3 Qh5 41.f4 c4 42.Nf3 Qc5+ 43.Rd4 Rf6
44.Qb4 Qh5 45.Rd7+ R8f7 46.Qxb7 Qg4 47.Rxf7+  1-0

[Event "O2C Doeberl Cup Premier 2013"]
[Site "Canberra AUS"]
[Date "2013.03.30"]
[Round "6.2"]
[White "Vajda,Le"]
[Black "Palit,S"]
[Result "1-0"]
[WhiteElo "2632"]
[BlackElo "2442"]

1.e4 d6 2.d4 Nf6 3.Nc3 e5 4.Nf3 Nbd7 5.Bc4 Be7 6.O-O O-O 7.a4 c6 8.Ba2 a5
9.Re1 exd4 10.Nxd4 Nb6 11.Bf4 Bg4 12.f3 Bc8 13.Nce2 d5 14.e5 Nfd7 15.c3 Nc5
16.Bb1 g6 17.b3 f6 18.Ra2 fxe5 19.Bxe5 Bd6 20.Ng3 Bxe5 21.Rxe5 Re8 22.Qe1 Bd7
23.Rae2 Rxe5 24.Rxe5 Qf8 25.h4 Re8 26.h5 Qf7 27.Qe3 Rxe5 28.Qxe5 Nc8 29.f4 Qe8
30.hxg6 hxg6 31.Qg5 Qe1+ 32.Kh2 Qxb1 33.f5 Qe1 34.Qxg6+ Kf8 35.f6 Ne6 36.Qh7 Qe3
37.Ndf5 Qxc3 38.Qxd7 Qxf6 39.Qxc8+ Kf7 40.Qxb7+ Kg6 41.Qe7  1-0

[Event "17th Neckar Open"]
[Site "Deizisau GER"]
[Date "2013.03.30"]
[Round "5.6"]
[White "Saric,Iv"]
[Black "Neuman,P"]
[Result "1/2-1/2"]
[WhiteElo "2616"]
[BlackElo "2465"]

1.e4 d6 2.d4 Nf6 3.Nc3 e5 4.Nf3 Nbd7 5.Bc4 Be7 6.O-O O-O 7.a4 c6 8.Re1 a5
9.h3 Nb6 10.Bf1 exd4 11.Nxd4 d5 12.e5 Ne8 13.Nce2 g6 14.Nf4 Ng7 15.Nd3 f6
16.b3 fxe5 17.Nxe5 Bb4 18.Bd2 Nd7 19.Bxb4 axb4 20.Qd2 Nxe5 21.Rxe5 Qd6 22.Rae1 Bd7
23.Nf3 Rae8 24.Bd3 Rxe5 25.Nxe5 Bc8 26.Qe3 Re8 27.Qf4 Qf8 28.Qd4 Ne6 29.Qh4 Qe7
30.Qg3 Qg5 31.Ng4 Rf8 32.Qd6 Nf4 33.Qe7 Qxe7 34.Rxe7 Bxg4 35.hxg4 Rf7 36.Re8+ Rf8
37.Re3 Kg7 38.Kf1 Kf6 39.g3 Nxd3 40.Rxd3 Ke5 41.Ke2 g5 42.Rf3 Rxf3 43.Kxf3 Kd4
44.Ke2 Kc3 45.Kd1 d4 46.Kc1 d3 47.cxd3 Kxb3 48.Kb1 Kxa4 49.f4 Kb5 50.f5 Kc5
51.Kc2 Kd5 52.Kb3 c5 53.Kc2 b6  1/2-1/2

[Event "36th San Sebastian Open"]
[Site "Donostia ESP"]
[Date "2013.03.30"]
[Round "9.29"]
[White "Oliveira,Maria"]
[Black "Pardo Vaquero,I"]
[Result "1-0"]
[WhiteElo "1957"]
[BlackElo "1759"]

1.e4 d6 2.d4 Nf6 3.Nc3 e5 4.Nf3 Nbd7 5.Bc4 Be7 6.O-O O-O 7.Re1 c6 8.a4 b6
9.b3 a6 10.Bb2 Bb7 11.Bd3 Qc7 12.Ne2 b5 13.Ng3 g6 14.Qd2 Rfe8 15.Rad1 Bf8
16.Qc1 Bg7 17.h3 Rad8 18.Qa1 Kh8 19.Bc3 Ra8 20.Bf1 h6 21.Rd2 Kh7 22.dxe5 dxe5
23.Red1 c5 24.Qc1 Bc6 25.axb5 axb5 26.Bb2 Ng8 27.c4 b4 28.h4 Nf8 29.h5 Ne6
30.hxg6+ fxg6 31.Bd3 Nd4 32.Bxd4 exd4 33.Re2 Rf8 34.Bb1 Be5 35.Nxe5 Qxe5
36.Rf1 Rf4 37.Rb2 Nf6 38.Ne2 Rh4 39.f4 Qh5 40.Ng3 Qg4 41.Qe1 Re8 42.Bc2 Qe6
43.e5 Qg4 44.f5 g5 45.Bd1 Qf4 46.Rxf4 gxf4 47.Nf1 f3 48.Qxh4 Rg8 49.Qxf6 fxg2
50.Qf7+ Rg7 51.Qxg7+ Kxg7 52.Rxg2+ Bxg2 53.Kxg2 Kf7 54.Bh5+ Ke7 55.f6+ Kf8
56.e6  1-0

[Event "6th Montalvo Open"]
[Site "Las Palmas ESP"]
[Date "2013.03.30"]
[Round "8.7"]
[White "Capote Robayna,N"]
[Black "Brito Garcia,A"]
[Result "0-1"]
[WhiteElo "2073"]
[BlackElo "2313"]

1.e4 d6 2.d4 Nf6 3.Nc3 Nbd7 4.Nf3 e5 5.dxe5 dxe5 6.Bc4 Bc5 7.O-O O-O 8.Bg5 h6
9.Bh4 c6 10.Qe2 Qc7 11.a4 Nh5 12.Ba2 Nf4 13.Qc4 Bd6 14.Rfd1 Nb6 15.Qf1 Bg4
16.Rd2 Bxf3 17.gxf3 Be7 18.Bg3 Ng6 19.a5 Nd7 20.Qh3 Nf6 21.Qf5 Kh7 22.Rad1 Qc8
23.Re2 Qe8 24.Bxe5 Kh8 25.Bg3 Bb4 26.Red2 Qe7 27.e5 Bxc3 28.bxc3 Qc5 29.Bxf7 Ne7
30.Qh3 Rxf7 31.exf6 Rxf6 32.Bd6 Qg5+ 33.Qg3 Qf5 34.Kh1 Ng6 35.Bc7 Rf7 36.Rd6 Kh7
37.R6d3 Re8 38.c4 Rc8 39.Bd6 Qxa5 40.Qg4 Re8 41.Rg1 Rf6 42.c5 Re1 43.Rd1 Rxg1+
44.Rxg1 Qc3 45.Rg3 Qxc2 46.Kg2 Qf5 47.Qa4 Re6 48.Qg4 Rf6 49.Qa4 b5 50.Qxa7 Nh4+
51.Kh1 Rg6 52.Qa3 Qb1+  0-1

[Event "ch-Moscow w 2013"]
[Site "Moscow RUS"]
[Date "2013.03.30"]
[Round "8.3"]
[White "Rodionova,Polina"]
[Black "Drozdova,D"]
[Result "0-1"]
[WhiteElo "2105"]
[BlackElo "2270"]

1.e4 d6 2.d4 Nf6 3.Nc3 e5 4.Nf3 Nbd7 5.Bc4 Be7 6.O-O O-O 7.Re1 c6 8.a4 a5
9.h3 Nb6 10.Ba2 Nfd7 11.Be3 Qc7 12.Qd2 Bf6 13.Rad1 exd4 14.Bxd4 Ne5 15.Qf4 Be6
16.Nh4 Bxa2 17.Nxa2 Bxh4 18.Qxh4 Nxa4 19.Qg3 Rad8 20.f4 c5 21.Bf2 Nd7 22.b3 Nab6
23.c4 Nf6 24.Nc3 Qc6 25.Qd3 Ne8 26.Bh4 Rd7 27.Ra1 Nc7 28.Rxa5 Ne6 29.Nd5 f6
30.Rb5 Nc8 31.Bf2 Nc7 32.f5 b6 33.Nxc7 Qxc7 34.Qd5+ Kh8 35.Qa8 Rg8 36.Qa6 Qc6
37.Qa4 Rc7 38.b4 Na7 39.bxc5 dxc5 40.Bg3 Re7 41.Ra5 bxa5  0-1

[Event "ch-WLS 2013"]
[Site "Cardiff WLS"]
[Date "2013.03.31"]
[Round "4.2"]
[White "Strugnell,C"]
[Black "Pleasants,A"]
[Result "1-0"]
[WhiteElo "2301"]
[BlackElo "2039"]

1.e4 d6 2.d4 Nf6 3.Nc3 e5 4.Nge2 Nc6 5.d5 Ne7 6.Bg5 Ng6 7.h4 h6 8.Bxf6 Qxf6
9.h5 Nf4 10.Nc1 g6 11.hxg6 fxg6 12.g3 Nh5 13.Bb5+ Kd8 14.Be2 Ng7 15.Bg4 h5
16.Bxc8 Kxc8 17.Nb3 Ne8 18.Qe2 Bh6 19.Nd1 Rf8 20.Ne3 Bxe3 21.Qxe3 Ng7 22.Nd2 g5
23.Ke2 b6 24.a4 a5 25.c3 Kd7 26.Nf3 g4 27.Nh4 Rf7 28.Rhf1 Raf8 29.b4 Ra8
30.Ra2 Rff8 31.Rb1 Ra7 32.Kd3 Rfa8 33.Rba1 Ke7 34.Kc4 Kf7 35.f3 gxf3 36.Rf2 Qe7
37.Rxf3+ Kg8 38.Ng6  1-0

[Event "40th La Roda Open"]
[Site "La Roda ESP"]
[Date "2013.03.31"]
[Round "8.6"]
[White "Cabrera,Ale"]
[Black "Strikovic,A"]
[Result "1-0"]
[WhiteElo "2529"]
[BlackElo "2500"]

1.e4 d6 2.d4 Nf6 3.Nc3 e5 4.Nf3 Nbd7 5.Bc4 Be7 6.O-O Nb6 7.Be2 exd4 8.Nxd4 O-O
9.a4 a5 10.f4 c6 11.Bf3 Re8 12.b3 Bf8 13.Ba3 g6 14.h3 Nbd7 15.Qd2 Qb6 16.Kh1 Nc5
17.e5 dxe5 18.fxe5 Rxe5 19.Qf4 Ncd7 20.Bxf8 Kxf8 21.Bg4 Re7 22.Qd6 Qb4 23.Rxf6 Qxc3
24.Rxf7+ Kxf7 25.Rf1+ Ke8 26.Ne6 Rxe6 27.Qxe6+ Kd8 28.Qd6  1-0

[Event "VII New Open"]
[Site "Lugano SUI"]
[Date "2013.03.31"]
[Round "4.6"]
[White "Pavlovic,Milos"]
[Black "Paleologu,V"]
[Result "1-0"]
[WhiteElo "2509"]
[BlackElo "2160"]

1.d4 d6 2.e4 Nf6 3.Nc3 Nbd7 4.Nf3 e5 5.Bc4 Be7 6.O-O c6 7.a4 Qc7 8.Re1 h6
9.a5 Nf8 10.Nh4 Bg4 11.f3 Be6 12.Bxe6 Nxe6 13.f4 exf4 14.Bxf4 O-O-O 15.Bg3 g5
16.Nf3 Nh5 17.Bf2 g4 18.Nd2 d5 19.Qxg4 Nf6 20.Qh3 Qf4 21.Nf3 Bb4 22.exd5 Bxc3
23.bxc3 Nxd5 24.a6 Rhg8 25.c4 Nc7 26.axb7+ Kxb7 27.Ne5 Rxd4 28.Qb3+ Kc8 29.Rxa7  1-0

[Event "7th Philadelphia Open"]
[Site "Philadelphia USA"]
[Date "2013.03.31"]
[Round "9"]
[White "Vibbert,Sean"]
[Black "Harriott,Tyrell"]
[Result "1-0"]
[WhiteElo "2235"]
[BlackElo "2249"]

1.e4 d6 2.d4 Nf6 3.Nc3 Nbd7 4.Nf3 e5 5.dxe5 dxe5 6.Bc4 h6 7.O-O c6 8.a4 Bb4
9.Qe2 O-O 10.Ne1 Nb6 11.Bb3 Qe7 12.a5 Nbd7 13.Nd3 Bd6 14.Kh1 Nc5 15.Nxc5 Bxc5
16.h3 Rd8 17.Bc4 Be6 18.Bd3 Rd7 19.f4 exf4 20.Bxf4 Nh7 21.e5 Bd4 22.Ra4 Rad8
23.Qh5 Bxc3 24.bxc3 Qf8 25.Rf3 Kh8 26.Be3 c5 27.Rh4 b5 28.Bxh7 Kxh7 29.Bxh6 g6
30.Qg5 Qe7 31.Bf8+  1-0

[Event "ch-SRB w 2013"]
[Site "Pirot SRB"]
[Date "2013.03.31"]
[Round "9"]
[White "Maksimovic,S"]
[Black "Stojanovic,Andj"]
[Result "0-1"]
[WhiteElo "2201"]
[BlackElo "2258"]

1.d4 Nf6 2.Nc3 d6 3.e4 e5 4.dxe5 dxe5 5.Qxd8+ Kxd8 6.Bg5 Nd7 7.O-O-O c6 8.f4 Be7
9.Be2 h6 10.Bxf6 Bxf6 11.Bg4 Kc7 12.Bxd7 Bxd7 13.f5 g6 14.fxg6 fxg6 15.Nf3 g5
16.Rd3 g4 17.Rhd1 Be6 18.Nd2 Bg5 19.Kb1 Rhf8 20.Nb3 b6 21.h3 Rf2 22.Rg1 Raf8
23.hxg4 Bxg4 24.a4 Rf1+ 25.Rxf1 Rxf1+ 26.Ka2 Rf2 27.g3 Rxc2 28.a5 Rf2 29.Nd1 Rf1
30.Nc3 Be6 31.axb6+ axb6 32.Nb1 Re1 33.Nc3 Rf1 34.Nb1 Rf2 35.Nc3 Bc4 36.Rd1 Rf8
37.Nb1 Rf3  0-1

[Event "ch-SRB w 2013"]
[Site "Pirot SRB"]
[Date "2013.03.31"]
[Round "9"]
[White "Manakova,M"]
[Black "Nonkovic,B"]
[Result "1-0"]
[WhiteElo "2347"]
[BlackElo "2052"]

1.e4 d6 2.d4 Nf6 3.Nc3 e5 4.Nf3 Nbd7 5.g3 Be7 6.Bg2 O-O 7.O-O c6 8.a4 a5
9.Re1 Re8 10.h3 Qc7 11.b3 Bf8 12.Ba3 Nb6 13.Qd2 Be6 14.Ng5 h6 15.Nxe6 Rxe6
16.d5 Ree8 17.dxc6 bxc6 18.Rad1 Red8 19.Qe2 Qb7 20.Qf3 Ne8 21.Qf5 Qc8 22.Qh5 Nc7
23.f4 Qe6 24.Qf3 Qf6 25.Bb2 Qe7 26.Kh1 Ne6 27.Ne2 f6 28.Qf2 Qb7 29.h4 Nxa4
30.Bc1 Nac5 31.f5 Nc7 32.Be3 N5a6 33.g4 Nb4 34.Ng3 d5 35.c3 Nba6 36.g5 hxg5
37.hxg5 Kf7 38.Nh5 Ne8 39.g6+ Ke7 40.exd5 cxd5 41.Bc5+ Nxc5 42.Qxc5+ Nd6
43.Bxd5 Qa7 44.Qxa7+ Rxa7 45.Ng3 Rc8 46.c4 a4 47.bxa4 Rxa4 48.Ra1 Rxa1 49.Rxa1 Rc7
50.Be6 Nc8 51.Ne4 Na7 52.Nc3 Ke8 53.Rb1 Nc6 54.Nb5 Kd8 55.Nxc7 Kxc7 56.Bd5 Nd8
57.Kg2  1-0

[Event "ch-SRB w 2013"]
[Site "Pirot SRB"]
[Date "2013.04.02"]
[Round "11"]
[White "Manakova,M"]
[Black "Chelushkina,I"]
[Result "1/2-1/2"]
[WhiteElo "2347"]
[BlackElo "2281"]

1.d4 d6 2.e4 Nf6 3.Nc3 c6 4.Nf3 g6 5.g3 Bg7 6.Bg2 O-O 7.O-O Na6 8.Qe2 Nc7
9.a4 Bg4 10.Rd1 Qc8 11.Qf1 d5 12.exd5 Ncxd5 13.Nxd5 cxd5 14.c3 Ne4 15.Re1 Re8
16.Nd2 Nf6 17.Qb5 a6 18.Qb4 a5 19.Qb5 Bd7 20.Qb3 Bc6 21.Qd1 Qf5 22.Nf1 e5
23.dxe5 Rxe5 24.Rxe5 Qxe5 25.Bf4 Qe6 26.Be3 Re8 27.Bd4 Qe2 28.Qd2 h5 29.b4 Qxd2
30.Nxd2 axb4 31.cxb4 Ne4 32.Bxg7 Nxd2 33.Bc3 Nb3 34.Rb1 d4 35.Bxc6 bxc6 36.Rxb3 dxc3
37.Rxc3 Re1+ 38.Kg2 Rb1 39.Rc4 Kf8 40.Re4 Rb3 41.h4 f6 42.a5 Kf7 43.Rc4 Ke7
44.Rxc6 Rxb4 45.a6 Ra4 46.Rb6 Kf7 47.Rb7+ Ke6 48.a7 Kf5 49.Re7 g5 50.hxg5 Kxg5
51.Kf3 f5 52.Rg7+ Kf6 53.Rb7 Ra3+ 54.Ke2 f4 55.gxf4 Kf5 56.Rf7+ Kg6 57.Rb7 Kf5
58.Kf1 Kxf4 59.Kg2 Kf5 60.f3 Kf4 61.Rf7+ Kg5 62.Kg3 Kg6 63.Rb7 Kg5 64.Rg7+ Kf6
65.Rb7 Kg5 66.Rg7+  1/2-1/2

[Event "Asian Juniors 2013"]
[Site "Sharjah UAE"]
[Date "2013.04.02"]
[Round "5.10"]
[White "Ikramul,H"]
[Black "Abdulla,Abdulwahab"]
[Result "1-0"]
[WhiteElo "2079"]
[BlackElo "1773"]

1.e4 d6 2.d4 Nf6 3.Nc3 c6 4.Bg5 Qa5 5.Qd2 Nbd7 6.f4 e5 7.Nf3 Be7 8.O-O-O h6
9.Bxf6 Bxf6 10.Kb1 Qc7 11.g4 g6 12.h4 exd4 13.Nxd4 Nc5 14.Be2 Bd7 15.Qe3 O-O-O
16.Ndb5 cxb5 17.Nd5 Qc6 18.Nxf6 Be6 19.f5 Bd7 20.Bf3 gxf5 21.e5 Ne4 22.gxf5 d5  1-0

[Event "2nd Martinique Open"]
[Site "Fort-de-France FRA"]
[Date "2013.04.03"]
[Round "2.8"]
[White "Djuric,S"]
[Black "Mendiondo,Yosvany"]
[Result "1-0"]
[WhiteElo "2471"]
[BlackElo "2037"]

1.e4 d6 2.d4 Nf6 3.Nc3 c6 4.Nf3 g6 5.Be2 Bg7 6.O-O O-O 7.Re1 h6 8.e5 Nd5
9.Ne4 f5 10.exf6 exf6 11.c4 f5 12.Nxd6 Qxd6 13.cxd5 cxd5 14.Bb5 a6 15.Ba4 Bd7
16.Bxd7 Nxd7 17.Qb3 b5 18.Bf4 Qxf4 19.Qxd5+ Kh7 20.Qxd7 Rfd8 21.Qf7 Rf8 22.Qb3 Ra7
23.g3 Qg4 24.Kg2 g5 25.Rac1 Qh5 26.Rc5 f4 27.Qd3+ Kh8 28.Rf5 Raf7 29.Rxf7 Qxf7
30.g4 Qxa2 31.Qg6 Qf7 32.Qxa6 Qd7 33.Re6 Kh7 34.h3 Rc8 35.Rd6 Qe8 36.Rb6 Rc2
37.Qxb5 Qc8 38.Rb8 Qe6 39.Qd3+ Qg6 40.Qb3 Qe4 41.Qg8+ Kg6 42.Re8  1-0

[Event "1st Hofheim Open"]
[Site "Hofheim GER"]
[Date "2013.04.03"]
[Round "2.11"]
[White "Friedrich,N"]
[Black "Henrich,D"]
[Result "1/2-1/2"]
[WhiteElo "2340"]
[BlackElo "1835"]

1.e4 d6 2.d4 Nf6 3.Nc3 Nbd7 4.Nf3 e5 5.Bc4 Be7 6.O-O O-O 7.a4 a5 8.Re1 c6
9.h3 Qc7 10.Ba2 exd4 11.Nxd4 Re8 12.Nf5 Bf8 13.Bg5 h6 14.Bf4 Ne5 15.g4 g6
16.Nxh6+ Bxh6 17.Bxh6 Nfxg4 18.hxg4 Bxg4 19.Qc1 Qe7 20.Re3 Qh4 21.Rg3 Nf3+
22.Kg2 Qh2+ 23.Kf1 Qh1+ 24.Ke2 Ng1+  1/2-1/2

[Event "2nd Martinique Open"]
[Site "Fort-de-France FRA"]
[Date "2013.04.04"]
[Round "3.1"]
[White "Fedorchuk,S"]
[Black "Douglas,Lionel"]
[Result "1-0"]
[WhiteElo "2652"]
[BlackElo "1708"]

1.e4 d6 2.d4 Nf6 3.Nc3 c6 4.h3 Qa5 5.Bd3 e5 6.Nf3 Nbd7 7.O-O Be7 8.a4 O-O
9.Bd2 Qd8 10.a5 exd4 11.Nxd4 Ne5 12.f4 Nxd3 13.cxd3 Bd7 14.Kh2 b5 15.g4 b4
16.Nce2 c5 17.Nf5 Bb5 18.Rf3 Re8 19.Nxe7+ Qxe7 20.Ng3 Qd8 21.g5 Nd7 22.Nf5 Nb8
23.Rg3 Nc6 24.Qh5 Re6 25.Nxg7 Rg6 26.Nf5 Nd4 27.Nh6+ Kf8 28.Nxf7 Qe7 29.Nh6 Bxd3
30.Rxd3 Qxe4 31.Rg3 Kg7 32.Rf1 Rf8 33.Qg4 Nf5 34.Nxf5+ Rxf5 35.Re1 Qc2 36.Rg2 Rf8
37.Bxb4 Qd3 38.Rd2  1-0

[Event "1st Hofheim Open"]
[Site "Hofheim GER"]
[Date "2013.04.04"]
[Round "3.4"]
[White "Lampert,J"]
[Black "Lobzhanidze,D"]
[Result "0-1"]
[WhiteElo "2284"]
[BlackElo "2448"]

1.e4 d6 2.d4 Nf6 3.Nc3 e5 4.Nge2 Nbd7 5.g3 Be7 6.Bg2 c6 7.a4 b6 8.O-O a6
9.b3 Bb7 10.Bb2 O-O 11.Qd2 b5 12.axb5 axb5 13.Rxa8 Bxa8 14.Rd1 Qb8 15.h3 h5
16.Ra1 Re8 17.Nd1 Bf8 18.Qg5 exd4 19.Nxd4 c5 20.Nf5 Bxe4 21.Bxe4 Rxe4 22.Nde3 Ne5
23.Kf1 Qb7 24.Rd1 Nf3 25.Nh6+ Kh8 26.Qf5 Nd4 27.Bxd4 cxd4 28.Ng2 Qe7 29.Nxf7+ Qxf7
30.Qxb5 Nd5 31.Qc4 Qf3 32.Rxd4 Ne3+ 33.Nxe3 Rxe3 34.Qd5 Qxd5 35.Rxd5 Re5
36.Rxe5 dxe5 37.Kg2 Kg8 38.Kf3 Kf7 39.Ke4 Ke6 40.f4 exf4 41.Kxf4 Bd6+ 42.Kf3 Ke5
43.c3 g5 44.g4 h4 45.b4 Bc7 46.Ke3 Bd6 47.Kd3 Kf4 48.c4 Kg3 49.c5 Bb8 50.Ke4 Kxh3
51.Kf3 Bc7 52.c6 Bd8  0-1

[Event "1st Hofheim Open"]
[Site "Hofheim GER"]
[Date "2013.04.04"]
[Round "4.12"]
[White "Vogel,Roven"]
[Black "Degenhardt,H"]
[Result "1/2-1/2"]
[WhiteElo "2000"]
[BlackElo "2260"]

1.e4 d6 2.d4 Nf6 3.Nc3 e5 4.Nge2 Nbd7 5.g3 c6 6.Bg2 b5 7.a3 Be7 8.O-O O-O
9.h3 a5 10.Be3 Ba6 11.Qd2 Qc7 12.f4 b4 13.Nd1 exd4 14.Bxd4 d5 15.e5 Ne4 16.Bxe4 dxe4
17.axb4 axb4 18.Ne3 Rfd8 19.Nf5 Bf8 20.Qe1 g6 21.Nh4 Nb6 22.Qf2 c5 23.Be3 Be7
24.Ng2 Nc4 25.b3 Nd2 26.Rfd1 Nf3+ 27.Kh1 Rxd1+ 28.Rxd1 Bxe2 29.Qxe2 Qc8 30.g4 h5
31.Qc4 hxg4 32.Qxe4 Ra2 33.Rf1 Qa6 34.Rc1 gxh3 35.Qxf3 hxg2+ 36.Kxg2 c4 37.Qf1 Qc6+
38.Kg3 Qe4 39.Qf3 Qf5 40.Qg4 Qe4 41.Qf3 Bh4+ 42.Kg4 Qxf3+ 43.Kxf3 cxb3 44.cxb3 Rb2
45.Rc8+ Kg7 46.Bd4 Rxb3+ 47.Kg4 Rd3 48.Ba1 Ra3 49.Bd4  1/2-1/2

[Event "1st Hofheim Open"]
[Site "Hofheim GER"]
[Date "2013.04.04"]
[Round "4.20"]
[White "Werner,Di"]
[Black "Henrich,D"]
[Result "1-0"]
[WhiteElo "2150"]
[BlackElo "1835"]

1.d4 d6 2.e4 Nf6 3.Nc3 Nbd7 4.Nf3 e5 5.Bc4 Be7 6.O-O O-O 7.a4 a5 8.Re1 c6
9.h3 Qc7 10.Be3 exd4 11.Nxd4 Re8 12.Qd2 Bf8 13.f3 Ne5 14.Be2 h6 15.Rad1 Bd7
16.f4 Ng6 17.Bf3 Rad8 18.Qf2 Qb8 19.Nb3 c5 20.Nxa5 b6 21.Nb3 Bc6 22.Nd2 Qb7
23.b3 d5 24.exd5 Nxd5 25.Nxd5 Bxd5 26.Bxd5 Qxd5 27.Nc4 Qxd1 28.Rxd1 Rxd1+
29.Kh2 Bd6 30.Qf3 Re1 31.g3 Bc7 32.Kg2 Bxf4 33.Bf2 R1e6 34.gxf4 Re4 35.Nd6 Nxf4+
36.Kh2 f5  1-0

[Event "2nd Martinique Open"]
[Site "Fort-de-France FRA"]
[Date "2013.04.05"]
[Round "6.10"]
[White "Diamant Berger,L"]
[Black "Mendiondo,Yosvany"]
[Result "0-1"]
[WhiteElo "1693"]
[BlackElo "2037"]

1.e4 d6 2.d4 Nf6 3.Nc3 c6 4.Nf3 g6 5.h3 Bg7 6.Be2 O-O 7.O-O h6 8.Nh2 d5 9.e5 Ne4
10.Nxe4 dxe4 11.Bg4 f5 12.exf6 exf6 13.Bxc8 Qxc8 14.c3 Kh7 15.Re1 f5 16.f4 Nd7
17.g3 Nf6 18.Nf1 Qd7 19.Ne3 Rac8 20.Nc4 Rfd8 21.Ne5 Qe7 22.Qb3 Nd5 23.Bd2 c5
24.Rad1 Qc7 25.a3 c4 26.Qc2 Bf6 27.h4 Rg8 28.Kh2 Rg7 29.g4 Bxh4 30.Rg1 Bf6
31.gxf5 gxf5 32.Rxg7+ Bxg7 33.Re1 Rg8 34.Be3 Bxe5 35.dxe5 Qf7 36.Kh1 Qh5+
37.Qh2 Qf3+  0-1

[Event "ch-ISR 2013"]
[Site "Acre ISR"]
[Date "2013.04.06"]
[Round "1.14"]
[White "Baron,Ta"]
[Black "Zalkind,K"]
[Result "1-0"]
[WhiteElo "2473"]
[BlackElo "2254"]

1.e4 d6 2.d4 Nf6 3.Nc3 e5 4.Nf3 Nbd7 5.Bc4 Be7 6.O-O O-O 7.a4 c6 8.Re1 Qc7
9.h3 b6 10.Ba2 Bb7 11.Nh4 g6 12.Nf3 exd4 13.Nxd4 Rfe8 14.Bh6 Bf8 15.Qd2 Re7
16.Rad1 Rae8 17.Bxf8 Rxf8 18.Nf3 Kg7 19.Qxd6 Qxd6 20.Rxd6 Rfe8 21.Nd2 Nc5
22.b4 Na6 23.b5 cxb5 24.axb5 Nc5 25.f3 Rd7 26.Nc4 Red8 27.Red1 Ne8 28.Rxd7 Rxd7
29.Rxd7 Nxd7 30.Kf2 Kf6 31.Ke3 Ke7 32.Kf4 f6 33.Ne3 Nc7 34.Bg8 Ne6+ 35.Kg3 h6
36.h4 Ng7 37.Bd5 Bxd5 38.Ncxd5+ Ke6 39.Nf4+ Kf7 40.Ng4 f5 41.Nxh6+ Kf6 42.exf5 gxf5
43.Kf2 Ne5 44.g4 Nc4 45.g5+ Ke5 46.Kg3 Nd6 47.h5 Ne6 48.Nxe6 Kxe6 49.Kf4 Nxb5
50.Nxf5 Nc7 51.h6 Nd5+ 52.Kg4  1-0

[Event "2nd Martinique Open"]
[Site "Fort-de-France FRA"]
[Date "2013.04.06"]
[Round "7.1"]
[White "Fedorchuk,S"]
[Black "Bauer,Ch"]
[Result "1/2-1/2"]
[WhiteElo "2652"]
[BlackElo "2631"]

1.e4 d6 2.d4 Nf6 3.Nc3 e5 4.Nf3 Nbd7 5.Bc4 Be7 6.a4 O-O 7.O-O a6 8.h3 b6
9.Qe2 c6 10.Rd1 Qc7 11.Bg5 h6 12.Be3 Re8 13.Ba2 exd4 14.Bxd4 Ne5 15.Be3 Qb7
16.Nxe5 dxe5 17.Rd3 b5 18.Qf3 Kf8 19.Rad1 Qc7 20.b4 Rb8 21.axb5 axb5 22.Ne2 Ra8
23.Bb3 Rd8 24.Rxd8+ Bxd8 25.Ng3 Be6 26.Nf5 Bxf5 27.Qxf5 Be7 28.g4 Ke8 29.Kf1 Kf8
30.Ke2 Re8 31.h4 Qc8 32.g5 Qxf5 33.exf5 hxg5 34.hxg5 Ne4 35.Rd7 Rd8 36.Rc7 Nd6
37.g6 Nxf5 38.Bxf7 Nxe3 39.fxe3 Bxb4 40.Rxc6 e4 41.c3 Bd6 42.Bd5 b4 43.cxb4 Bxb4
44.Bxe4 Ke7 45.Bf5 Bd6 46.Ra6 Kf6 47.e4 Kg5 48.Kd3 Be5+ 49.Kc4 Rd4+ 50.Kc5 Rd2  1/2-1/2

[Event "1st Hofheim Open"]
[Site "Hofheim GER"]
[Date "2013.04.06"]
[Round "7.7"]
[White "Lampert,J"]
[Black "Pogan,N"]
[Result "1-0"]
[WhiteElo "2284"]
[BlackElo "2227"]

1.e4 d6 2.d4 Nf6 3.Nc3 e5 4.Nge2 Nbd7 5.f3 c6 6.Be3 Nb6 7.Ng3 Qc7 8.a4 a5
9.Qd2 Be6 10.d5 cxd5 11.Bb5+ Bd7 12.Bxb6 Qxb6 13.Nxd5 Nxd5 14.Bxd7+ Kxd7
15.Qxd5 Ke8 16.O-O-O g6 17.Rd3 Qc6 18.Qb3 Ra6 19.Rc3 Qd7 20.Qd5 Ke7 21.Rb3 Rc6
22.Ne2 Bh6+ 23.Kb1 b6 24.Nc3 Be3 25.Qb5 Bd4 26.Nd5+ Kf8 27.Rd1 Kg7 28.Ne7 Rc7
29.Qxd7 Rxd7 30.Nc6 Bc5 31.Nxe5 Re7 32.Nc4 f5 33.Nxd6 fxe4 34.fxe4 Be3  1-0

[Event "Bundesliga 2012-13"]
[Site "Schwetzingen GER"]
[Date "2013.04.06"]
[Round "14"]
[White "Boguslavskyy,O"]
[Black "Haslinger,S"]
[Result "1/2-1/2"]
[WhiteElo "2445"]
[BlackElo "2535"]

1.e4 d6 2.d4 Nf6 3.Nc3 e5 4.Nf3 Nbd7 5.Bc4 Be7 6.O-O O-O 7.Re1 c6 8.a4 a5
9.h3 Nb6 10.Ba2 Nfd7 11.Be3 exd4 12.Qxd4 Nc5 13.Rad1 Be6 14.Bxe6 fxe6 15.e5 d5
16.Qg4 Qe8 17.b3 Nbd7 18.Bh6 Qf7 19.Re2 Rae8 20.Rd4 Bd8 21.Bc1 Qf5 22.Qg3 h5
23.Nh4 Qh7 24.Bg5 Bc7 25.Rdd2 Rf7 26.Kh2 Nf8 27.Be3 Ncd7 28.f4 Bd8 29.Nf3 Ng6
30.Rf2 Ref8 31.Ne2 c5 32.c3 Rf5 33.Rd1 Qh6 34.Bc1 Qh7 35.Be3 Kh8 36.Kg1 b6
37.Rff1 h4 38.Qe1 R5f7 39.Qd2 Qh5 40.Qc2 Qf5 41.Qxf5 Rxf5 42.c4 d4 43.Nfxd4 cxd4
44.Nxd4 Nc5 45.Nxf5 exf5 46.Rd6 Kh7 47.Rfd1 Be7 48.Rxb6 Ne4 49.Rd5 Bb4 50.Rb7 Kh6
51.Kf1 Rc8 52.e6 Re8 53.Rb6 Kh7 54.c5 Ne7 55.Rd7 Bxc5 56.Bxc5 Nxc5 57.Ra7 Ng6
58.Rxa5 Nxe6 59.Rxf5 Nexf4 60.a5 Nd3 61.Kg1 Ngf4 62.Rxf4 Nxf4 63.a6 Re1+
64.Kf2 Ra1 65.Rd6 Ra3  1/2-1/2

[Event "23rd ch-SLO 2013"]
[Site "Sentjur SLO"]
[Date "2013.04.06"]
[Round "1.4"]
[White "Vidic,Teja"]
[Black "Tratar,M"]
[Result "0-1"]
[WhiteElo "1894"]
[BlackElo "2492"]

1.e4 d6 2.d4 Nf6 3.Nc3 e5 4.Nf3 Nbd7 5.Bc4 Be7 6.O-O O-O 7.Re1 a6 8.a4 b6
9.b3 c6 10.d5 c5 11.Qe2 Ne8 12.Bb2 g6 13.Nd2 Bg5 14.Nf1 f5 15.Bc1 Bxc1 16.Raxc1 f4
17.f3 g5 18.Nd1 h5 19.Nf2 Ndf6 20.Nd2 Ra7 21.Kh1 g4 22.Nd3 Nh7 23.Rg1 g3
24.Qe1 Qh4 25.Nf1 Nhf6 26.c3 Ng4 27.fxg4 hxg4 28.Rd1 Rh7 29.Nxe5 Qxh2+  0-1

[Event "23rd ch-SLO 2013"]
[Site "Sentjur SLO"]
[Date "2013.04.06"]
[Round "1.14"]
[White "Petauer,Janez"]
[Black "Sirnik,B"]
[Result "1/2-1/2"]
[WhiteElo "1689"]
[BlackElo "2249"]

1.e4 d6 2.d4 Nf6 3.Nc3 e5 4.Nf3 exd4 5.Nxd4 Be7 6.Bf4 O-O 7.Be2 Bd7 8.O-O Nc6
9.Re1 Re8 10.Qd2 Ne5 11.Rad1 Ng6 12.Be3 Bf8 13.f3 h6 14.Bc4 c6 15.Bf1 b5
16.Nce2 d5 17.exd5 Nxd5 18.Bf2 a6 19.Ng3 Ngf4 20.a3 Rxe1 21.Rxe1 Qg5 22.Kh1 f5
23.c4 bxc4 24.Bxc4 Bd6 25.Nde2 Be6 26.Nc3 Bf7 27.Nxd5 cxd5 28.Bf1 Qg6 29.Bd3 Nxd3
30.Qxd3 f4 31.Qxg6 Bxg6 32.Ne2 Re8 33.Nd4 Rxe1+ 34.Bxe1 Kf7 35.Bc3 Bd3 36.Kg1 g5
37.Kf2 h5 38.Nc6 Ke6 39.Nd4+ Kf7 40.Nc6 Ke6 41.Nd4+ Kd7 42.b4 a5 43.Nb3 axb4
44.axb4 Bc4 45.Nd4 Bd3 46.Nb3 Ke7 47.Nd4 Bc7 48.Nc6+ Ke6 49.Nd4+ Kd7 50.Ke1 Bb6
51.Bb2 Bg6 52.h3 Bd8 53.Ke2 Be7 54.Bc3 Bf8 55.Kd2 Ke7 56.Nc6+ Kd6 57.Nd4 Bh6
58.Bb2 Bf8 59.b5 Kd7 60.b6 Bb4+ 61.Ke2 Be8 62.Nf5 Kc6 63.Bd4 Bd7 64.Ng7 h4
65.Bf6 Bf8 66.Nh5 Bh6 67.Bd4 Bc8 68.Kf2 Ba6 69.Ke1 Bf8 70.Bf6 Bh6 71.Ng7 Bd3
72.Ne6 Kxb6 73.Bxg5 Bxg5 74.Nxg5 Bf5 75.Nf7 Kc5 76.Nh6 Bd7 77.Ng4 Kd4 78.Kd2 Bb5
79.Nh6 Ke5 80.Ng4+ Kd4 81.Nh6 Bf1 82.Nf5+ Ke5 83.Nxh4 Kf6 84.Ke1 Bb5 85.Kf2 d4
86.g4 d3 87.Ke1 Bc6 88.Kd2 Kg5 89.Nf5 Bxf3 90.Kxd3 Bg2 91.Ke2 Bxh3 92.Ne3 Bxg4+
93.Nxg4 Kxg4  1/2-1/2

[Event "23rd ch-SLO 2013"]
[Site "Sentjur SLO"]
[Date "2013.04.06"]
[Round "1.25"]
[White "Sorcnik,F"]
[Black "Kodric,Tilen"]
[Result "1/2-1/2"]
[WhiteElo "2076"]
[BlackElo "1544"]

1.e4 d6 2.d4 Nf6 3.Nc3 e5 4.Nf3 Nbd7 5.Bc4 Be7 6.Bg5 O-O 7.Qe2 exd4 8.Nxd4 Ne5
9.Bxf6 Bxf6 10.O-O-O Nxc4 11.Qxc4 a6 12.Nd5 c6 13.Nxf6+ Qxf6 14.f3 Rd8 15.Rhe1 Qh6+
16.Kb1 Qxh2 17.g4 Qf4 18.Qf1 Be6 19.Qh3 Qg5 20.Rh1 h6 21.Qg2 d5 22.Rh5 Qg6
23.e5 c5 24.Ne2 f6 25.exf6 Qxf6 26.f4 Rd7 27.g5 Qg6 28.Rh2 Bf5 29.Ng3 hxg5
30.Nxf5 Qxf5 31.fxg5 Re8 32.a3 Re5 33.Rf1 Qe6 34.g6 Re1+ 35.Rxe1 Qxe1+ 36.Ka2 Qe6
37.Qg3 d4+ 38.Qb3 Qxb3+ 39.Kxb3 Rd6 40.Rg2 b5 41.Rg5 Rc6 42.a4 Kf8 43.axb5 axb5
44.Re5  1/2-1/2

[Event "Asian Juniors 2013"]
[Site "Sharjah UAE"]
[Date "2013.04.06"]
[Round "7.12"]
[White "El Jawich,A"]
[Black "Abdulla,Abdulwahab"]
[Result "1/2-1/2"]
[WhiteElo "2190"]
[BlackElo "1773"]

1.e4 d6 2.d4 Nf6 3.Nc3 c6 4.f4 Qa5 5.Bd3 e5 6.Nf3 Nbd7 7.O-O Be7 8.Kh1 O-O
9.Be3 Ng4 10.Bd2 Qc7 11.dxe5 dxe5 12.h3 Ngf6 13.Nxe5 Nxe5 14.fxe5 Qxe5 15.Bf4 Qh5
16.Be2 Qh4 17.Qe1 Qxe1 18.Rfxe1 Be6 19.Bf3 h6 20.e5 Nd5 21.Nxd5 cxd5 22.Rad1 Rfd8
23.Rd2 Rac8 24.c3 Rc4 25.Be3 b6 26.Red1 Bc5 27.Bg1 Bxg1 28.Kxg1 Rc5 29.Rd4 b5
30.a4 a6 31.axb5 axb5 32.Ra1 Rb8 33.Ra5 Rc4 34.Be2 Rxd4 35.cxd4 Bd7 36.Ra7 Be6
37.b4 Bf5 38.Rc7 Be4 39.Rc5 Ra8 40.Bxb5 Ra1+ 41.Kf2 Ra2+ 42.Ke3 Rxg2 43.Bc6 Rg3+
44.Kf2 Rxh3 45.b5 Rb3 46.Bd7 Kf8 47.Rc8+ Ke7 48.Bc6 Ke6 49.Re8+ Kf5 50.Rf8 Ke6
51.Re8+ Kf5 52.Rf8 Ke6  1/2-1/2